| 000 | 00683nam a2200181 4500 | ||
|---|---|---|---|
| 999 |
_c63992 _d63992 |
||
| 003 | Ge_BSU | ||
| 005 | 20260305112939.0 | ||
| 008 | 260305s2006 enk||||| |||| 00| 0 eng d | ||
| 020 | _a9780801444333x | ||
| 041 | _aeng | ||
| 080 | _a364:351.862.6:338.1:316.334.3(520) S-31 | ||
| 100 |
_aSchoppa, Leonard J. _927055 |
||
| 245 |
_aRace for the Exits: _bThe Unraveling of Japan's System of Social Protection / _cLeonard J. Schoppa. |
||
| 264 |
_aLondon : _bCornell University Press, _c2006. |
||
| 300 |
_a248 p.; _b24 cm. |
||
| 653 | _aიაპონიის სოციალური დაცვის სისტემის ნგრევა | ||
| 942 |
_2udc _cᲬᲘᲒᲜᲘ |
||